Rebekah: (Record no. 3458)

000 -LEADER
fixed length control field 00687nam a2200205 a 4500
001 - CONTROL NUMBER
control field :::00001189$&:&@@
003 - CONTROL NUMBER IDENTIFIER
control field OkBaRHE
005 - DATE AND TIME OF LATEST TRANSACTION
control field 20000607103242.0
008 - FIXED-LENGTH DATA ELEMENTS--GENERAL INFORMATION
fixed length control field s1985 j 000 0 eng u
040 ## - CATALOGING SOURCE
Transcribing agency
100 1# - MAIN ENTRY--PERSONAL NAME
Personal name Mackenzie, Carine.
245 10 - TITLE STATEMENT
Title Rebekah:
Remainder of title mother of twins.
260 ## - PUBLICATION, DISTRIBUTION, ETC. (IMPRINT)
Place of publication, distribution, etc Ross-shire, UK:ST., :
Name of publisher, distributor, etc Christian Focus Publications
Date of publication, distribution, etc c1985
300 ## - PHYSICAL DESCRIPTION
Extent 31 p. : illus. ;
Dimensions 21 cm.
650 ## - SUBJECT ADDED ENTRY--TOPICAL TERM
Topical term or geographic name as entry element Bible Stories
650 ## - SUBJECT ADDED ENTRY--TOPICAL TERM
Topical term or geographic name as entry element Children's Stories
650 ## - SUBJECT ADDED ENTRY--TOPICAL TERM
Topical term or geographic name as entry element Rebekah (Biblical Character)
942 ## - ADDED ENTRY ELEMENTS (KOHA)
Source of classification or shelving scheme
Koha item type Books
Copies
Current Location Source of classification or shelving scheme Date acquired Date last seen Copy number Total Checkouts Price effective from Not for loan Shelving location Koha item type Lost status Total Renewals Permanent Location Date checked out Full call number Barcode Damaged status Withdrawn status
RHEMA Bible Training College 2010-04-142018-02-20112010-04-14 General StacksBooks 1RHEMA Bible Training College2010-04-17BS 551.2 .M3R41189